000 00479nam a2200169 a 4500
001 000041645
005 20201002035702.0
008 131015s1987 nyu 000 0 spa d
040 _aDO-SdBNP
_bspa
_cBNPHU
082 _axxxx
_bxxxx
100 1 _aChesney, Marion
_939930
245 1 0 _aPlain Jane /
_cMarion Chesney.
260 _aNew York :
_bSt. Martin's Press,
_c1987.
300 _a171 p. ;
_c18 cm.
490 1 _aStatement from jacket
830 0 _aStatement from jacket
_968432
999 _c41135
_d41135